Quiz - Rainbow 6 Siege - Statistiques

Statistiques générales
  • Ce quiz a été pris 2 233 fois
    181 depuis la dernière actualisation
  • Le résultat moyen est 45 sur 77
Statistiques - réponses
Indice Réponse % Correct
Il peut tout brouillé avec ses gadgets Mute
93%
Il/Elle est connu(e) pour pouvoir rusher Ash
91%
Shoot d'adrenaline Finka
91%
Barricades améliorées Castle
86%
Interogation Caveira
85%
Possède un bouclier particulier Blitz
81%
Porte un masque noir qui lui donne sa capacité Vigil
79%
Peut éléctrifier un mur renforcé en jettant son gadget Kaid
78%
Marteau Sledge
77%
Piège qui étourdit Ela
74%
Possède l'arme avec la plus longue portée Kali
74%
Possède des bidons d'essence Goyo
73%
Anglais pouvant contrer les choses électrifiées Thatcher
70%
Un russe qui maintenant possède un lance-grenades Tachanka
69%
Drone pouvant sauter au plafond Echo
67%
Sniper thermique Glaz
67%
Sait lancer un hologramme et le contrôler Iana
67%
Défenseur pouvant grimper aux trappes Oryx
66%
Défenseur localisant les ennemis en glaçant le sol Tubarão
66%
Grenade à gaz Smoke
65%
Pirate des gadgets avec un drone Brava
63%
Arbalète Capitão
63%
Peut t'appeler en plein combat Dokkaebi
63%
A le plus gros bouclier Montagne
63%
Assaillant pouvant poser un bouclier au sol Osa
63%
Hardbreacher Thermite
63%
Peut se soigner et soigner les autres grâce a son gadget Thunderbird
63%
Son gadget permet d'aspirer les gadgets ennemis Wamai
63%
A reçu la même arme principale que Kapkan Azami
62%
On peut le/la voir quatre fois en meme temps Alibi
61%
Agent reçevant la R4C après Ash Ram
61%
Possède des batteries de voitures comme gadget Bandit
60%
Defenseur avec un bouclier Clash
60%
Possède deux miroirs qui permettent de voir à travers un mur Mira
60%
Le seul assaillant pouvant monter par les trappes Amaru
59%
Pistolet pouvant soigner Doc
59%
Permet à lui et aux autres de se réanimer tout seul Rook
59%
Arme qui fait fusil à pompe en même temps Buck
58%
Peut se téléporter Skopos
58%
Des abeilles robotiques Grim
57%
Piège aux portes et fenêtres Kapkan
57%
Piège qu'on pose au sol qui fait des dégats toutes les secondes Lesion
57%
Recrue en défense Sentry
57%
Possède des caméras Valkyrie
57%
Permet de localiser et de scanner les gadgets des assaillants Solis
56%
Il en possède 7 qui forment un laser entre chaque gadget Denari
55%
Gadget qu'on pose sur les murs, trappes ou barricades et qui fait des explosions de l'autre côté de la pièce Fuze
54%
Traqueur espagnol Jackal
54%
Défenseur pouvant rouler avec des drones d'assaillant Mozzie
54%
Lance des grenades flash améliorées Ying
54%
Il/Elle lance son gadget pour pouvoir détruire un mur renforcé Ace
53%
Localise les gadgets des défenseurs IQ
53%
Assaillant pouvant trouver la position des ennemis sans utiliser son drone Lion
53%
Gadget pouvant ralentir les assaillants Melusi
53%
Peut poser des barrières de laser aux murs, fenêtres, trappes et portes Aruni
52%
Est passé d'un bouclier pour la tête à un bouclier pour tout son corps Blackbeard
52%
Drone qui peut électrifier Twitch
52%
Possède une arme qui peut détruire des murs ou des trappes renforcées Hibana
51%
Caméra qui peut tirer et se retourner Zero
51%
Drone pouvant exploser Flores
50%
Allemand qui a été réduit a 2 de vitesse Jäger
50%
Lunettes avec une modification spécifique Warden
50%
Canadienne Frost
49%
Agent australien avec des pièges Gridlock
49%
Defenseur avec une arme de plus de 70 balles dans le chargeur Maestro
48%
Peut t'envoyer dans le noir complet Fenrir
47%
La sœur d'Ela Zofia
47%
Recrue en attaque Striker
46%
Peut faire des petits ou des plus grands trous dans les murs Maverick
44%
Grace à son gadget, le C4 peut faire très mal Pulse
41%
Une fois son gadget sorti, il peut détecter les défenseurs dans son périmètre Solid Snake
41%
Piège qui lance des fléchettes empoissonnées une fois activée Thorn
41%
Il/Elle est trans Sens
39%
Barricades qui s'ouvre et qui se ferme Rauora
38%
Drône spécifique permettant de localiser un ennemi tout en donnant sa position également Deimos
36%
Inconnu(e) Nokk
33%
Gadget qui clignote et qui fait du bruit et qui explose quand l'ennemi se rapproche sans le blesser Nomad
24%
Aucun quiz correspondant
Distribution des résultats
% des personnes avec chaque résultat
Percentile par nombre de réponses
Votre historique - résultats
Vous n’avez pas pris ce quiz depuis la dernière actualisation